[Event "Candidates qf3"]
[Site "Brussels"]
[Date "1991.??.??"]
[Round "1"]
[White "Ivanchuk, Vassily"]
[Black "Jussupow, Artur"]
[Result "1/2-1/2"]
[WhiteElo "2735"]
[BlackElo "2625"]
[Annotator "Jussupow,A"]
[PlyCount "99"]
[EventDate "1991.08.??"]
[EventType "match"]
[EventRounds "8"]
[EventCountry "BEL"]
[SourceTitle "Candidates"]
[Source "ChessBase"]
[SourceDate "1999.07.01"]
[SourceVersion "2"]
[SourceVersionDate "1999.07.01"]
[SourceQuality "1"]

1. e4 e6 2. d4 d5 3. Nd2 c5 4. exd5 exd5 5. Ngf3 Nc6 6. Bb5 Bd6 7. dxc5 Bxc5 8.
O-O Nge7 9. Re1 O-O 10. Nb3 Bd6 11. Bg5 Bg4 12. Bh4 Re8 13. Bg3 Bxg3 14. hxg3
Qb6 15. a4 (15. Bd3 a5 $1 16. Bxh7+ Kf8 17. Bd3 a4 18. Nbd2 Nf5 $44 {Sokolov,
A-Vaganian,R (6) Minsk cq 1986}) 15... h6 {N} (15... Red8 $5 16. Qd2 Bxf3 17.
gxf3 a6 18. Bd3 d4 19. Kg2 h6 20. Re4 Nd5 $14 {Sznapik,A-Schmidt,Wl Poljanica
Zdruj 1985}) 16. Qd2 Bxf3 17. gxf3 $14 Rad8 (17... Nf5 $6 18. Kg2 (18. Qxd5
Nxg3 19. Kg2 Rxe1 20. Rxe1 Rd8 21. Qc5 $16) 18... Rxe1 19. Rxe1 Ncd4 $14) 18.
f4 (18. Kg2 $5 $14 {/\Re2,Rae1}) 18... a6 19. Bf1 (19. Bd3 $5 $14) 19... Rd6 $5
20. a5 Qc7 $10 {><a5} 21. Nc5 h5 $5 22. Ra3 h4 (22... d4 $2 23. Ne4 $16) 23. g4
$5 (23. Bg2 $10) 23... Rf6 (23... Red8 24. Rae3 $36) (23... Rg6 24. g5 $13) 24.
Nd3 Nd4 (24... Re6 $5 25. Rxe6 fxe6 26. Bg2 (26. Ra1 $2 Nd4 $17) 26... Rf8 $13)
(24... Qc8 $6 25. f5 $36) 25. Ne5 Nec6 $2 (25... Ne6 26. f5 Nc5 $13 (26... Nxf5
27. gxf5 Rxf5 28. Rae3 $16) 27. Rc3 $140 $2 Qxa5 28. Qd4 Ne4 29. Rxe4 dxe4 30.
Nd7 Rc6 $19) 26. Nxc6 $1 Rxe1 27. Nxd4 Re4 (27... Rxf4 28. Qxe1 Rxg4+ 29. Kh1
Rxd4 $16) 28. Nf5 $2 (28. Ne2 $1 Qc8 (28... Rc4 29. Nd4 $16) (28... Rfe6 29.
Re3 $16) 29. Bh3 $16) 28... Rxf4 29. f3 R4xf5 $44 30. gxf5 Rxf5 31. Rc3 Qg3+
32. Qg2 Qe1 33. Kh2 Qe5+ $2 (33... g6 $1 $44) 34. Kh1 Rg5 (34... Qe1 $142) 35.
Qf2 $16 Qf4 36. Rd3 Rg3 37. Rd4 Qg5 38. Rg4 $2 (38. Kh2 $18) 38... Rxg4 39.
fxg4 Qxg4 40. Bd3 g6 $16 41. Qe3 Qa4 $1 42. Qb6 (42. Qc5 $5 Qa1+ 43. Kh2 Qxb2
44. Qxd5 $16) 42... Kg7 $1 43. b4 (43. Qxb7 $5 Qxa5 44. Qxa6 Qe1+ 45. Bf1 Qe4+
46. Bg2 Qxc2 47. Qa1 $16) 43... Qa1+ 44. Kg2 Qe5 45. Qf2 $1 (45. Qxb7 Qg3+ $10
46. Kf1 $140 Qf3+ 47. Ke1 h3 48. Qc7 Qh1+ 49. Bf1 h2) 45... g5 46. Qf3 $1 Qd4
47. Qf5 Qe3 48. Qh7+ $2 (48. Qxd5 $142 $1 h3+ (48... g4 49. Qe4 $16) 49. Kh2 $1
(49. Kf1 h2 50. Qh1 Qd2) 49... g4 50. Qe4 $1 Qf2+ 51. Kh1 g3 (51... f5 52.
Qxb7+ Kf8 53. Qc8+ Kg7 54. Qc7+ Kg8 55. Qd8+ Kf7 (55... Kh7 56. Bxf5+ Qxf5 57.
Qd3 $18) (55... Kg7 56. Qg5+ $18) 56. Bc4+ Kg7 57. Qg5+ Kh7 58. Qxf5+ Qxf5 59.
Bd3 $18) 52. Qg4+ Kf8 53. Qxh3 $16) 48... Kf8 $1 49. Qh6+ Ke7 $10 50. Qh5 (50.
Qb6 $2 Qxb6 51. axb6 Kd6 $17) 1/2-1/2

[Event "URS-ch58"]
[Site "Moscow"]
[Date "1991.??.??"]
[Round "4"]
[White "Brodsky, Michail"]
[Black "Lputian, Smbat G"]
[Result "0-1"]
[WhiteElo "2415"]
[BlackElo "2570"]
[Annotator "Knaak,R"]
[PlyCount "110"]
[EventDate "1991.11.??"]
[EventType "swiss"]
[EventRounds "11"]
[EventCountry "URS"]
[SourceTitle "URS-ch"]
[Source "ChessBase"]
[SourceDate "1999.07.01"]
[SourceVersion "1"]
[SourceVersionDate "1999.07.01"]
[SourceQuality "1"]

1. e4 e6 2. d4 d5 3. Nd2 c5 4. exd5 exd5 5. Bb5+ Nc6 6. Ngf3 Bd6 7. dxc5 Bxc5
8. Nb3 Bb6 9. O-O Nge7 10. Re1 O-O 11. Be3 Bg4 12. Bxb6 Qxb6 13. Be2 $10 {N} (
13. Bxc6 Nxc6 14. Qxd5 Nb4 15. Qe4 Bxf3 16. gxf3 Rad8 $1 17. Re2 Rd6 18. c3 Re6
19. Qc4 Rg6+ 20. Kh1 Qf6 21. f4 Qh4 22. Nd2 {Soweit relativ forciert
Ivanchuk-Dokhoian/Erevan/1989/CBM 14} Qh3 $1 23. f3 Nc6 24. Rg1 Rd8 $13) 13...
Bh5 (13... Rfd8) 14. a4 a6 15. Nfd4 Bg6 16. Nxc6 Nxc6 17. Bd3 Rfd8 18. a5 Qc7
19. Bxg6 hxg6 20. Qd2 Rac8 21. Re2 d4 $5 22. Ra4 b5 23. Ra1 $2 (23. axb6 Qxb6
$13) 23... Ne5 $1 24. Nc1 (24. Nxd4 $6 Nc4 25. Qc3 b4 $1 26. Qd3 Nxb2 $17)
24... Re8 $1 25. h3 (25. Qxd4 $2 Rcd8 26. Qb4 Rd1+ 27. Re1 Nf3+ $19) 25... Nc4
26. Qb4 (26. Qxd4 $2 Red8 27. Qc3 Rd1+ 28. Re1 Rxe1+ 29. Qxe1 Nxb2 $19) 26...
Rxe2 27. Nxe2 Qe5 28. Nc1 Ne3 $5 29. Nd3 (29. fxe3 $2 Qxe3+ 30. Kf1 (30. Kh1
Rxc2 31. Na2 Qf2 32. Rg1 Rxb2 $19) 30... Rc6 31. Ne2 Rf6+ 32. Ke1 Rf2 33. Qd2
Rf1+ 34. Kxf1 Qxd2 $19) 29... Nxc2 $1 30. Qd2 Qc7 31. Rc1 b4 32. Nxb4 (32. Ne1
b3 $17) (32. b3 Qc3 33. Qd1 Qxb3 34. Ne1 d3 35. Nxd3 Rd8 (35... Qa4 36. Nxb4
Qxb4 37. Rxc2 Rxc2 38. Qxc2 Qxa5 $17) 36. Rxc2 Qxd3 37. Qxd3 Rxd3 $17) 32...
Qxa5 33. b3 Rc5 34. Rxc2 Rxc2 35. Qxc2 Qxb4 36. Kf1 $6 (36. Qc8+ Kh7 37. Qxa6
Qxb3 38. Qe2 d3 (38... Qb1+ 39. Kh2 Qf5 $15) 39. Qe4 $1 f5 (39... Qd1+ 40. Kh2
f5 41. Qh4+ Qh5 42. Qd4 $10) 40. Qh4+ Kg8 41. Qd8+ Kf7 42. Qd7+ Kf6 43. Qd6+
Kg5 44. Qd8+ Kh5 45. Qh8+ $10) 36... a5 $1 $17 37. Ke2 Qb7 38. g3 Qd5 39. Qd3
f5 40. h4 Kf7 41. Kd2 Qc5 42. Kd1 Qb4 43. Kc2 Kg8 44. Qf3 Kh7 45. Kd1 Qa3 $1
46. h5 Qa1+ 47. Kc2 Qa2+ 48. Kc1 Qa3+ 49. Kd1 Qa1+ 50. Kc2 Qe1 $1 {/\ Qe4-+}
51. hxg6+ Kxg6 52. Qc6+ Kg5 53. f4+ Kg4 54. Qg6+ Kf3 55. Qxf5 Qe4+ 0-1

[Event "ARM-ch"]
[Site "Yerevan"]
[Date "1995.??.??"]
[Round "9"]
[White "Asrian, Karen"]
[Black "Lputian, Smbat G"]
[Result "0-1"]
[WhiteElo "2330"]
[BlackElo "2585"]
[Annotator "Knaak,R"]
[PlyCount "56"]
[EventDate "1995.08.??"]
[EventType "tourn"]
[EventRounds "11"]
[EventCountry "ARM"]
[EventCategory "10"]
[SourceTitle "CBM 050"]
[Source "ChessBase"]
[SourceDate "1996.02.01"]
[SourceVersion "1"]
[SourceVersionDate "1996.02.01"]
[SourceQuality "1"]

1. e4 {Giese} e6 2. d4 d5 3. Nd2 c5 4. exd5 exd5 5. Bb5+ Nc6 6. Ngf3 Bd6 7.
dxc5 Bxc5 8. O-O Nge7 9. Nb3 Bd6 10. Re1 O-O 11. Bd3 h6 12. h3 Nf5 13. c3 Qf6
14. Bc2 Rd8 15. Qd3 g6 16. Qd2 Bf8 17. Qf4 Bg7 18. Qc7 $2 Nd6 $1 $19 {Mit der
offensichtlichen Drohung 19...Rd7 und Damengewinn.} 19. Nc5 $8 Bxh3 $1 {
[%csl Rf3] ... und das war die zweite Drohung.} 20. gxh3 (20. Nxb7 Rac8 $19)
20... Qxf3 (20... Rac8 $2 {Giese} 21. Nd7 {[%csl Rd6]} Rxc7 (21... Qxf3 22.
Qxd6 Qxh3 23. Nf6+ $16) 22. Nxf6+ Bxf6 23. Bxh6 $10) 21. Re3 (21. Nxb7 Rac8 $19
) 21... Qh5 {[%csl Rc7][%cal Ga8c8]} (21... Qxe3 22. Bxe3 Rac8 23. Qxc8 Rxc8
24. Rd1 $15) 22. Nd7 {[%csl Rd6]} Nf5 23. Bxf5 Qxf5 24. Nc5 d4 $1 {-+} 25. cxd4
Nxd4 26. Ne4 Nf3+ 27. Kg2 Nh4+ 28. Kf1 (28. Kh1 Rd1+ 29. Kh2 Be5+ $19) 28...
Qb5+ 0-1

[Event "EU-Cup 12th Group1"]
[Site "Kranevo"]
[Date "1996.10.12"]
[Round "2"]
[White "Georgiev, Krum"]
[Black "Herndl, Harald"]
[Result "0-1"]
[WhiteElo "2515"]
[BlackElo "2365"]
[Annotator "Knaak,R"]
[PlyCount "114"]
[EventDate "1996.10.13"]
[EventType "team-k.o."]
[EventRounds "3"]
[EventCountry "BUL"]
[SourceTitle "EXT 2020"]
[Source "ChessBase"]
[SourceDate "2019.10.17"]
[SourceVersion "1"]
[SourceVersionDate "2019.10.17"]
[SourceQuality "1"]
[WhiteTeam "Heraklion"]
[BlackTeam "Salzburg Inter"]
[WhiteTeamCountry "GRE"]
[BlackTeamCountry "AUT"]

1. e4 e6 2. d4 d5 3. Nd2 c5 4. exd5 exd5 5. Ngf3 Nc6 6. Bb5 Bd6 7. O-O Nge7 8.
dxc5 Bxc5 9. Nb3 Bd6 10. Bxc6+ bxc6 11. Qd4 O-O 12. Bf4 Ng6 $5 (12... Nf5 13.
Qa4 a5 (13... c5 $6 14. Bxd6 Qxd6 15. Qa3 $14) 14. Rfe1 Be6 {/\ 15...c5}) 13.
Bxd6 Qxd6 14. Rfe1 Bf5 15. c3 $6 (15. Qc3 $5) 15... Rfb8 $1 {Der Pb2 wird zum
Problem f�r den Wei�en.} 16. Nfd2 Qc7 17. Rac1 Nf4 18. Re5 $2 (18. Re3 Ne6
$1 (18... c5 $2 19. Nxc5 Rxb2 20. Rce1 $16) 19. Qh4 (19. Qe5 Qxe5 20. Rxe5 Nf4
21. Rxf5 Ne2+ 22. Kf1 Nxc1 23. Nxc1 Rxb2 $17) 19... c5 $15) 18... Be4 $1 {
Gewinnt eine Qualit�t.} 19. Re1 Nd3 20. Rg5 f6 21. Nxe4 dxe4 22. Rxe4 fxg5
23. Qxd3 Rd8 $17 24. Qe2 Qd6 25. Nd4 c5 26. Qc4+ Kh8 27. Nf3 h6 28. h4 gxh4 29.
Ne5 Kh7 30. Nf7 Qd1+ 31. Kh2 Rd5 32. Rxh4 Qd3 33. Qf4 Qf5 34. c4 Qxf4+ 35. Rxf4
Rd2 36. b3 Rxa2 37. Nd6 Rb8 38. Ne4 Rxb3 39. Nxc5 Rc3 40. Ne6 Re2 41. Nd4 Re7
42. Nc6 Rc7 43. Ne5 a5 44. Rf8 Ra7 45. f4 g6 46. Nc6 Ra6 47. Rf7+ Kg8 48. Rc7
a4 49. Ne7+ Kf8 50. Nd5 Rb3 51. c5 a3 52. c6 a2 53. Rc8+ Kf7 54. c7 a1=Q 55.
Rf8+ Kxf8 56. c8=Q+ Kg7 57. Nc7 Qd4 0-1

[Event "Bayamo"]
[Site "Bayamo"]
[Date "1990.??.??"]
[Round "4"]
[White "Martin Del Campo C, Roberto"]
[Black "Paneque, Pedro"]
[Result "1-0"]
[WhiteElo "2465"]
[BlackElo "2380"]
[Annotator "Knaak,R"]
[PlyCount "80"]
[EventDate "1990.04.??"]
[EventType "tourn"]
[EventRounds "13"]
[EventCountry "CUB"]
[EventCategory "8"]
[SourceTitle "CBM 018"]
[Source "ChessBase"]
[SourceDate "1990.10.01"]
[SourceVersion "1"]
[SourceVersionDate "1990.10.01"]
[SourceQuality "1"]

1. e4 e6 2. d4 d5 3. Nd2 c5 4. exd5 exd5 5. Ngf3 Nc6 6. Bb5 Bd6 7. dxc5 Bxc5 8.
O-O Nge7 9. Nb3 Bd6 10. Bxc6+ bxc6 11. Qd4 O-O 12. Bf4 Bf5 $6 (12... Nf5 13.
Qd2 (13. Qa4 c5 $13) 13... Be6 14. Rfe1 c5 15. c4 d4 $15 {Georgiev,Kr-Gulko,B/
Saint John op-1/1988/0-1}) 13. Bxd6 Qxd6 14. Qc3 $14 {>< d4,c5} Rfe8 15. Rfe1
Bd7 16. Qc5 Qf6 17. Qd4 Qh6 18. Nc5 Qd6 19. b4 Nf5 20. Qd3 f6 21. Nd4 Nxd4 22.
Qxd4 Bf5 23. c3 Re7 24. Rxe7 Qxe7 25. Nb3 Qe2 26. h3 Bc2 27. Qc5 Qb5 28. Qd6
Bxb3 29. axb3 Kh8 30. Rxa7 Rg8 31. Rc7 Qe2 32. Rxc6 Qe1+ 33. Kh2 Qxf2 34. b5 f5
35. Qg3 Qf1 36. c4 d4 37. b6 d3 38. Rd6 h6 39. Qxd3 Qa1 40. Qd4 Qa6 1-0

[Event "Moscow Alekhine op"]
[Site "Moscow"]
[Date "1992.??.??"]
[Round "?"]
[White "Geller, Efim P"]
[Black "Kholmov, Ratmir D"]
[Result "1-0"]
[WhiteElo "2525"]
[BlackElo "2485"]
[Annotator "Knaak,R"]
[PlyCount "61"]
[EventDate "1992.10.??"]
[EventType "swiss"]
[EventRounds "9"]
[EventCountry "RUS"]
[SourceTitle "CBM 033"]
[Source "ChessBase"]
[SourceDate "1993.04.01"]
[SourceVersion "1"]
[SourceVersionDate "1993.04.01"]
[SourceQuality "1"]

1. e4 e6 2. d4 d5 3. Nd2 c5 4. exd5 exd5 5. Ngf3 Nc6 6. Bb5 Bd6 7. dxc5 Bxc5 8.
O-O Nge7 9. Nb3 Bd6 10. Re1 O-O 11. Bd2 $5 {So gut wie nie gespielt.} Bg4 $146
(11... a6 12. Bd3 Ng6 13. Bc3 Nf4 14. Nbd4 Nxd4 15. Bxd4 Bg4 16. Bf1 Re8 17.
Re3 Re4 $13 {Luecke-Lputian/Altensteig/1989}) 12. Bc3 Bc7 $5 13. Be2 Qd6 14.
Nbd4 a6 (14... Nxd4 $2 15. Qxd4 Qg6 16. Nh4 $18) 15. g3 Rfe8 16. Nh4 Bxe2 17.
Qxe2 Qd7 18. Qh5 $1 Nxd4 19. Bxd4 f6 $1 (19... Nc6 $2 20. Bxg7 $1 Kxg7 21. Qg5+
Kh8 22. Nf5 $18 f6 23. Qxf6+ Kg8 24. Nh6#) 20. Rad1 Nc6 21. Nf5 (21. Be3 Re5
$13) 21... g6 $1 22. Rxe8+ Qxe8 (22... Rxe8 23. Nh6+ Kg7 24. Qg4 (24. Qh4 $2
Nxd4 25. Rxd4 $15) 24... Qxg4 25. Nxg4 Nxd4 26. Rxd4 $14) 23. Nh6+ Kg7 24. Qh4
Nxd4 25. Rxd4 f5 $2 (25... g5 26. Nf5+ Kg6 27. Qg4 (27. Qh6+ $2 Kxf5 28. Qxh7+
Ke5 29. Qxc7+ Kxd4 $19) 27... h5 28. Qf3 $16) (25... Bb6 $1 26. Rf4 (26. Rxd5
$2 Qe1+ 27. Kg2 Qxf2+ 28. Kh3 Qf1+ 29. Kg4 Qc4+ $19) 26... g5 27. Nf5+ Kh8 28.
Qh6 Qg6 29. Rf3 $13) 26. Rxd5 Bd8 27. Qf4 Rc8 28. Nxf5+ $1 gxf5 29. Qxf5 Rc7 (
29... Be7 30. Rd7 $16) 30. Qg4+ Kf8 (30... Kh8 31. Qd4+ $18) 31. Qd4 (31. Qd4
Be7 32. Qh8+ Kf7 33. Rf5+ Ke6 34. Qxe8 $18) 1-0

[Event "Interzonal-15"]
[Site "Manila"]
[Date "1990.??.??"]
[Round "3"]
[White "Adams, Michael"]
[Black "Vaganian, Rafael A"]
[Result "1-0"]
[WhiteElo "2590"]
[BlackElo "2630"]
[Annotator "Knaak,R"]
[PlyCount "115"]
[EventDate "1990.06.29"]
[EventType "swiss"]
[EventRounds "13"]
[EventCountry "PHI"]
[SourceTitle "CBM 019"]
[Source "ChessBase"]
[SourceDate "1990.12.01"]
[SourceVersion "1"]
[SourceVersionDate "1990.12.01"]
[SourceQuality "1"]

1. e4 e6 2. d4 d5 3. Nd2 c5 4. exd5 exd5 5. Ngf3 Nc6 6. Bb5 Bd6 7. dxc5 Bxc5 8.
Nb3 Bd6 9. O-O Nge7 10. Re1 O-O 11. Bd3 h6 12. h3 Bf5 13. c3 (13. Be3 Re8 14.
Bc5 Bxc5 15. Nxc5 Qb6 16. Bxf5 Qxc5 {Sokolov,A-Vaganian,R Rotterdam 1989/1/2-1/
2/}) 13... Be4 14. Nbd4 Bxd3 15. Qxd3 $14 Qd7 16. Be3 Rad8 17. Rad1 Rfe8 18.
Nb3 b6 19. Nbd4 Bb8 20. Re2 Na5 21. Rde1 Ng6 22. Bc1 Rxe2 23. Qxe2 Nc4 24. Qc2
Nd6 $6 (24... Re8 25. Rd1 $14 {Adams}) 25. Qd3 Ne4 26. Qb5 $16 Qxb5 27. Nxb5
Rc8 28. Rd1 Ne7 29. Kf1 a6 30. Nbd4 b5 31. Be3 f6 $2 32. g4 $1 Kf7 (32... Rd8
$142 {Adams}) 33. Nf5 Rd8 34. Nxe7 Kxe7 35. Nd4 Rg8 36. Nc6+ Ke6 37. Nb4 Bd6 (
37... Rd8 38. f3 (38. Nxa6 Bd6) 38... Ng5 39. Kg2 $18) 38. Nxd5 $18 g5 39. f3
Ng3+ 40. Kf2 f5 41. Nb4 f4 42. Bd4 Bxb4 43. cxb4 Rd8 44. Re1+ Kf7 45. Bc3 Rd6
46. Kg2 Re6 47. Rxe6 Kxe6 48. Bg7 h5 49. Bh6 Kf6 50. h4 hxg4 51. fxg4 gxh4 52.
Bxf4 Ne4 53. Be3 Nd6 54. Kh3 Nc4 55. Bd4+ Kg6 56. Kxh4 a5 57. b3 Nd2 58. Be3
1-0

[Event "Rostock GM"]
[Site "Rostock"]
[Date "2002.08.25"]
[Round "1"]
[White "Baramidze, David"]
[Black "Szelag, Marcin"]
[Result "1-0"]
[WhiteElo "2351"]
[BlackElo "2369"]
[Annotator "Konikowski,J"]
[PlyCount "73"]
[EventDate "2002.08.25"]
[EventType "tourn"]
[EventRounds "9"]
[EventCountry "GER"]
[EventCategory "8"]
[SourceTitle "CBM 091"]
[Source "ChessBase"]
[SourceDate "2002.11.12"]
[SourceVersion "1"]
[SourceVersionDate "2002.11.12"]
[SourceQuality "1"]

1. e4 e6 2. d4 d5 3. Nd2 c5 4. exd5 exd5 5. Ngf3 Nc6 6. dxc5 Bxc5 7. Nb3 Bb6 8.
Be2 Nf6 9. O-O O-O (9... h6 10. c3 O-O 11. Nbd4 Ne4 12. Be3 Re8 13. Re1 Bg4 14.
Qa4 Qf6 15. Rad1 Rad8 16. Nc2 Bc7 $13 {Adianto,U-Vaisser,A/Tilburg 1993/}) 10.
Nfd4 $146 {[%mdl 8]} (10. Bg5 $5 Be6 (10... Re8 11. Re1 $2 (11. Bh4 Bg4 12. c3
Re4 13. Nbd2 Bxf3 14. Nxf3 $14) (11. c3 h6 12. Bh4 Bg4 13. Re1 Re4 14. Bg3 Nh5
$13) 11... Bxf2+ $1 12. Kxf2 Ne4+ 13. Kf1 Nxg5 14. Bd3 Bg4 15. Be2 Qf6 16. c3
Ne5 17. Qd4 Bxf3 18. Bxf3 Ngxf3 {0-1 Ludovici,R-Farina,S/Vitinia 1996/}) 11.
Nfd4 Rc8 12. c3 Ne5 13. Re1 h6 14. Bh4 Ng6 15. Bg3 Re8 16. Bd3 Nf8 17. h3 Bd7
18. Nf5 Bxf5 19. Bxf5 Rc6 20. Rxe8 Qxe8 21. Nd4 Bxd4 22. Qxd4 a6 23. Qd2 Qd8
24. Rd1 $16 {Baramidze,D-Loesaus,A/Kiel 2001/}) (10. c3 $5) (10. Nbd4 $5) 10...
Re8 11. Bf3 (11. Be3 Ne5 $11) 11... Ne4 12. Re1 Qf6 13. Be3 Ne5 14. Nb5 $2 (14.
c3 $5) 14... Bg4 $17 15. N3d4 Nxf3+ 16. Nxf3 (16. gxf3 Bh5 $17) 16... Qxb2 17.
Rb1 Qf6 18. Bxb6 Qxb6 (18... axb6 $2 19. Nc7 $16) 19. Qd4 Bxf3 20. Qxb6 axb6
21. Nc7 Nd2 22. Nxa8 Rxa8 23. Rxb6 g6 $6 (23... Be4 $142 $5 24. Rxb7 h6 $17)
24. Re7 Bg4 25. Rbxb7 Rxa2 (25... Be6 $142 $5) 26. f3 Bf5 27. Rxf7 Rxc2 (27...
Ra1+ 28. Kf2 h5 29. Rg7+ Kh8 30. Rh7+ Kg8 31. Rbg7+ Kf8 32. Rc7 Kg8 $11) 28.
Rg7+ Kf8 $4 {[%mdl 8192]} (28... Kh8 29. Rxh7+ Kg8 30. h4 $14) 29. Rxh7 $6 (29.
Rbf7+ $142 $1 Ke8 30. Rxh7 $18) 29... Kg8 30. Rhg7+ Kf8 $4 (30... Kh8 $8) 31.
Rbf7+ $18 Ke8 32. Rh7 Be6 33. Ra7 (33. Re7+ $142 Kd8 34. Ra7 $18) 33... Kf8 34.
Ra8+ Bc8 35. Rxc8+ $1 {[%mdl 64]} Rxc8 36. Rh8+ Ke7 37. Rxc8 1-0

[Event "Helsingor Jubilee"]
[Site "Helsingor"]
[Date "1999.10.20"]
[Round "2"]
[White "Hansen, Curt"]
[Black "Andersson, Ulf"]
[Result "1-0"]
[WhiteElo "2607"]
[BlackElo "2623"]
[Annotator "Kortschnoj,V"]
[PlyCount "81"]
[EventDate "1999.10.19"]
[EventType "tourn"]
[EventRounds "6"]
[EventCountry "DEN"]
[EventCategory "13"]
[SourceTitle "CBM 074"]
[Source "ChessBase"]
[SourceDate "2000.02.01"]
[SourceVersion "1"]
[SourceVersionDate "2000.02.01"]
[SourceQuality "1"]

1. e4 {Hansen,SB} e6 2. d4 d5 3. Nd2 c5 4. Ngf3 Nc6 5. exd5 exd5 6. Bb5 Bd6 7.
dxc5 Bxc5 8. O-O Nge7 9. Nb3 Bd6 10. Re1 O-O 11. Bd3 h6 (11... Nf5 $5) 12. h3
Bf5 (12... Nf5 {Hansen,SB Is more common}) 13. Be3 Re8 14. c3 $14 (14. Bc5 {
Hansen,SB} Bxc5 15. Nxc5 Qb6 $1 $11) 14... Bxd3 (14... Be4 15. Bc5 $14) 15.
Qxd3 Qd7 16. Bc5 {A specific of positions with an isolated pawn - with each
exchanged pair of pieces black position looks less and less attractive. Hansen,
SB: 'This exchange is almost always to white's advantage.'} Ng6 {Hansen,SB:
'In this kind of structure the knight is often misplaced here.'} 17. Bxd6 Qxd6
18. Re3 Nce5 {In a struggle to dominate on the e file black voluntarily
exchanges several pieces.} (18... Nf4 19. Qd2 Re6 {had to be preferred.} (19...
Ne5 {Hansen,SB} 20. Nxe5 Rxe5 21. Rf3 $14)) 19. Nxe5 Rxe5 20. Rxe5 (20. Qd4 $5)
20... Qxe5 {'?!' Hansen,SB. Hansen,SB: 'Black should have taken with the
knight to try and get counterplay on the queenside.'} 21. Rd1 Nf4 $6 ({
Certainly} 21... Ne7 {was more solid. But less active...}) 22. Qe3 $1 $16 Qg5 {
'?' Hansen,SB.} (22... Re8 {Hansen,SB} 23. Qxe5 Rxe5 24. g3 Ne6 25. Rd2 $14) (
22... Ne2+ {Hansen,SB} 23. Kf1 Qxe3 24. fxe3 Ng3+ 25. Kf2 Ne4+ 26. Kf3 Nf6 $14)
23. Qf3 Rd8 24. Nd4 {'/\!' Hansen,SB. The knight moves to e3!  Hansen,SB:
'This knight belongs on e3, blacks defense is disorganized so he has no simple
retreat.'} Ne6 (24... Re8 25. Kf1 $1 {with many threats.}) 25. Nf5 {'+/-'
Hansen,SB.} Rd7 {It looks like a waiting move, but black has had nothing
better:} (25... g6 26. Ne3 d4 {loses pawn b7.}) (25... Kh7 {costs pawn f7:} 26.
Ne3 d4 27. cxd4 Nxd4 28. Qe4+ f5 29. Nxf5) 26. h4 Qf4 (26... Qd8 27. Rxd5 Rxd5
28. Qxd5 Qxd5 29. Ne7+) 27. Qxf4 Nxf4 28. g3 {Hansen,SB: 'Winning a pawn.'} Ng6
(28... Ne6 {Hansen,SB} 29. Rxd5) 29. c4 Ne7 30. Nxe7+ Rxe7 31. cxd5 f6 (31...
Kf8 32. d6 Rd7 33. Kg2 f6 34. Kf3 Kf7 35. Kg4 Ke6 (35... g6 36. h5 $18) 36. Kh5
$18) 32. Kg2 Kf7 33. Kf3 Ke8 (33... Re5 34. Rc1) 34. Rd3 {'!' Hansen,SB.} Kd8
35. Re3 Rc7 36. Rc3 {Hansen,SB: 'It's all over now '} (36. d6 {Hansen,SB} Rc2
37. Re7 Rxb2 38. Rxg7 a5 {Is not totally clear.}) 36... Rd7 (36... Re7 37. d6
Re5 38. Rc7 Rb5 39. Rxg7 Rxb2 40. Rh7 $18) 37. Ke4 $18 Re7+ 38. Kf5 Re2 39. Rb3
Rxf2+ 40. Kg6 b6 41. Kxg7 1-0

[Event "Minsk"]
[Site "Minsk"]
[Date "1995.??.??"]
[Round "6"]
[White "Yandemirov, Valeri"]
[Black "Kovalev, Andrei"]
[Result "0-1"]
[WhiteElo "2510"]
[BlackElo "2545"]
[Annotator "Kovalev,A"]
[PlyCount "67"]
[EventDate "1995.??.??"]
[EventType "tourn"]
[EventRounds "13"]
[EventCountry "BLR"]
[EventCategory "10"]
[SourceTitle "CBM 046 Extra"]
[Source "ChessBase"]
[SourceDate "1995.07.01"]
[SourceVersion "1"]
[SourceVersionDate "1995.07.01"]
[SourceQuality "1"]

1. e4 c5 2. Nf3 e6 3. c3 d5 4. exd5 exd5 5. d4 Nc6 6. Bb5 Bd6 7. dxc5 Bxc5 8.
O-O Nge7 9. Nbd2 O-O 10. Nb3 Bb6 11. Re1 Nf5 12. Bd3 Bc7 $5 13. Qc2 $2 (13. Bg5
$1 f6 (13... Qd6 14. g3 $1 {/\Bf4+/-/}) 14. Bd2 Ne5 $13) 13... Nh4 $1 14. Nbd4
(14. Bxh7+ $2 Kh8 15. Ng5 f6 16. Ne6 Re8 $19) 14... Bg4 $36 15. Nxh4 Qxh4 16.
g3 Qh5 17. Nxc6 bxc6 18. Be3 f5 19. f4 $8 Bf3 {/\Be4,g5/} 20. c4 $5 $132 d4 $1
21. Bxd4 Rad8 $44 22. Bf2 (22. Be5 $2 Rxd3 $1 $17) (22. Bxa7 Bxf4 $1 $36) (22.
Be3 $32) 22... Rf6 $1 {/\Qh2!/} 23. Bf1 Bxf4 $1 24. Bg2 $2 (24. c5 $1) 24...
Bxg2 25. Kxg2 Rd2 26. Qb3 Rxf2+ 27. Kxf2 Qxh2+ 28. Kf1 h5 $5 (28... Bxg3 $19
29. c5+ Kf8) 29. Re8+ (29. gxf4 Rg6 $19) 29... Kh7 30. Qf3 Bxg3 31. Rd1 Bd6 32.
Re2 Qh4 33. b3 Rg6 34. Qxf5 $138 (34. Qxf5 Qh1+ 35. Kf2 Bg3+ 36. Ke3 Qxd1 37.
Qxh5+ Rh6 38. Qf5+ Kg8 $1 39. Qc8+ Kf7 40. Qb7+ Kf6 41. Qxc6+ Qd6) 0-1

[Event "Olympiad-32"]
[Site "Yerevan"]
[Date "1996.09.28"]
[Round "12.1"]
[White "Short, Nigel D"]
[Black "Ye, Jiangchuan"]
[Result "1/2-1/2"]
[WhiteElo "2695"]
[BlackElo "2540"]
[Annotator "Lempert,I"]
[PlyCount "58"]
[EventDate "1996.09.15"]
[EventType "team-swiss"]
[EventRounds "14"]
[EventCountry "ARM"]
[SourceTitle "CBM 055"]
[Source "ChessBase"]
[SourceDate "1996.12.01"]
[SourceVersion "1"]
[SourceVersionDate "1996.12.01"]
[SourceQuality "1"]
[WhiteTeam "England"]
[BlackTeam "China"]
[WhiteTeamCountry "ENG"]
[BlackTeamCountry "CHN"]

1. e4 c5 2. Nf3 e6 3. c3 d5 4. exd5 exd5 5. d4 Nc6 6. Bb5 (6. Be3 $5) 6... Bd6
7. dxc5 Bxc5 8. O-O Nge7 9. Nbd2 O-O 10. Nb3 Bd6 11. Bd3 h6 12. h3 Nf5 13. Re1
Qf6 14. Bc2 Rd8 (14... Be6) 15. Qd3 g6 16. Bd2 (16. Qd2 Bf8 17. Nh2 Qg7 18. Ng4
h5 19. Ne3 Nfe7 $13 {Ivanov,V-Lastin/Moscow/1994/0,5/}) 16... Nh4 17. Nbd4 Nf5
(17... Nxf3+ 18. Qxf3 Qxf3 19. Nxf3 Kg7 20. Rad1 $14) 18. Bb3 Bc5 19. Be3 (19.
Nb5 Nh4 $5) 19... Nxe3 20. Qxe3 Kg7 $10 21. Rad1 Bb6 22. Qd3 a6 23. Re2 $6 Be6
(23... Ne7 24. Rde1 Nf5 $5 $10) 24. Nxe6+ fxe6 25. Rde1 Rd6 26. Qd2 Rf8 27. Ba4
$1 Nd8 28. Ne5 Nf7 $2 29. Ng4 $2 (29. Nd7 $16) 29... Qe7 1/2-1/2